| 000 | 00843nam a2200193 i 4500 | ||
|---|---|---|---|
| 001 | 185297 | ||
| 003 | ES-MaACL | ||
| 005 | 20250805063324.0 | ||
| 008 | 160510s1934 sp |||| | spa d | ||
| 100 | 1 |
_aHernández-Pacheco, Francisco, _d1899-1976 _963010 |
|
| 245 | 1 | 3 |
_aEl glaciarismo cuaternario de la Serrota (Ávila) / _cpor Francisco Hernández-Pacheco y Carlos Vidal y Box. |
| 260 |
_aMadrid : _bMuseo de Ciencias Naturales, _c1934. |
||
| 300 |
_a53 p., lám. I-XX, 1 map. ; _c27 cm. |
||
| 594 | _aPrecede al tít.: Junta para la Ampliación de Estudios e Investigaciones Científicas. Comisión de Investigaciones Geográficas, Geológicas y Prehistóricas. | ||
| 650 | 4 |
_aGlaciares- _zGredos (España, Sierra) _9142225 |
|
| 700 | 0 |
_aVidal Box, Carlos. _9114469 |
|
| 852 |
_aES-MaACL _j1591-F-11 |
||
| 999 |
_c185297 _d185297 |
||